Catalog

Record Details

Catalog Search



Putování s králem Miroslavem : Projekt sociální prevence v praxi : bakalářská práce Cover Image Book Book

Putování s králem Miroslavem : Projekt sociální prevence v praxi : bakalářská práce Sylva Klangová ; vedoucí práce Marie Vorlová

Record details

  • Physical Description: 47 s. 7 bar. fot. na příl., text. příl., vložena informační brožura "Putování s králem Miroslavem"

Content descriptions

Bibliography, etc. Note:
bibliogr. s. 46

Available copies

  • 1 of 1 copy available at Common Catalog SPOK.

Holds

  • 0 current holds with 1 total copy.
Show All Copies
Location Call Number / Copy Notes Barcode Shelving Location Status Due Date
Jabok Library ABP-0257 424480004874 Absolventské práce Reference -

LDR 00782ntm a22 a 4500
00110704
003CZ-PrJAB
00520020429000000.0
008001101s2000 xr e |||| |cze
009cz
035 . ‡a(CONS)10704
035 . ‡aKPS0007017
040 . ‡a
0410 . ‡acze
10011. ‡74894 ‡aKlangová, Sylva
110 2. ‡aEvangelická teologická fakulta Univerzity Karlovy
2451 . ‡aPutování s králem Miroslavem : Projekt sociální prevence v praxi : ‡bbakalářská práce ‡cSylva Klangová ; vedoucí práce Marie Vorlová
260 . ‡aPraha ‡c2000
300 . ‡a47 s. ‡b7 bar. fot. na příl., text. příl., vložena informační brožura "Putování s králem Miroslavem"
504 . ‡abibliogr. s. 46
653 . ‡asociální prevence ‡aprojekty ‡aPutování s králem Miroslavem (projekt)
70011. ‡74797 ‡aVorlová, Marie
999 . ‡a257-d ‡c257-d ‡i424480004874 ‡l ‡tP
910 . ‡aABG312
901 . ‡a10704 ‡bUnknown ‡c10704 ‡tbiblio

Additional Resources